000 00709nam a2200265Ia 4500
005 20260302115104.0
008 008 260114s9999 xx 000 0 eng d
020 _a9781501322594
037 _aTextbook
040 _aCRL
040 _beng
040 _cCRL
041 _2eng
041 _aeng
084 _qCRL
100 _aLeon Craig
_91120661
245 0 _aPhilosophy and the Puzzles of Hamlet A Study of Shakespeare's Method
260 _bBloomsbury
260 _bBloomsbury Academic
260 _c2014
650 _aLiterary Studies
856 _uhttps://dx.doi.org/10.5040/9781501322594?locatt=label:secondary_bloomsburyCollections
942 _cEBOOK
999 _c1684917
_d1684917